01202nam a2200313Ia 450000500170000000800410001702000180005810000350007624501220011125000180023330000250025149000230027650000520029950500950035153400220044665000390046865000430050765000380055065000510058870000420063994200150068126400430069633600270073933700330076633800280079904000350082708400110086299900150087320220317001517.0161108s2016 ck g 000 f s  a97895889255541 aBalzac, Honoré ded1799-185014aLas ilusiones perdidascHonoré de Balzac ; introducción de Jackes Noiray ; traducción de José Ramón Monreal a1a. edición a781 páginasc19 cm aPenguin clásicos aIncluye cronología y notas sobre la edición aLos dos poetas -- Un gran hombre de provincias en París -- Los sufrimientos del inventor tIllusions perdues142LEMBaNovela francesaySiglo XVIII142LEMBaLiteratura francesaySiglo XVIII142LEMBaAmbición en la literatura142LEMBaConducta (Psicología) en la literatura1 aMonreal, José Ramónd1954-974694 2loccBKLIT aBogotábPenguin Random Housec[2016] atextobtxt2rdacontent asin mediaciónbn2rdamedia avolumenbnc2rdacarrier aCO-BoRNBPbspaerdacCO-BoRNBP aN BAL1 c7202d7202